100 beste Fußballer 2019 (fair) - Statistiken

Allgemein
  • Dieses Quiz wurde 77 mal gespielt
  • Das Durchschnittsergebnis liegt bei 48 aus 100
Antwortstatistiken
Verein Position Spieler % Korrekt
Barcelona RF Messi
95%
Juventus ST Ronaldo
92%
Bayern München ST Lewandowski
91%
Liverpool RF Salah
88%
Liverpool IV Van Dijk
86%
PSG RF Mbappe
85%
Tottenham ST Kane
83%
Liverpool LF Mane
83%
Tottenham ZOM Alli
80%
Liverpool TW Alisson
79%
PSG LF Neymar
77%
RB Salzburg ST Haaland
73%
Real Madrid MS Benzema
71%
Liverpool MS Firmino
71%
Tottenham LF Son
71%
Manchester City ZOM De Bruyne
70%
Barcelona ZM De Jong
70%
Barcelona TW Ter Stegen
70%
Manchester City ST Agüero
68%
Atlético Madrid TW Oblak
65%
Real Madrid ZM Kroos
64%
Manchester City ZOM Silva
64%
Manchester City ZOM Silva
64%
PSG IV Silva
64%
Bayern München ZDM Kimmich
62%
Real Madrid ZM Modric
62%
Manchester City LF Sterling
62%
Real Madrid IV Ramos
61%
Liverpool LV Robertson
61%
Bayern München RM Gnabry
59%
Chelsea ZDM Kante
59%
Manchester City LF Sane
59%
RB Leipzig ST Werner
59%
Juventus IV De Ligt
58%
Manchester City TW Ederson
58%
LA Galaxy ST Ibrahimovic
58%
Borussia Dortmund ZOM Reus
58%
Barcelona ST Suarez
58%
Barcelona LF Griezmann
56%
Real Madrid LF Hazard
56%
Real Madrid ZDM Casemiro
55%
Leicester City ST Vardy
55%
Liverpool RV Arnold
53%
Leverkusen MS Havertz
53%
Lazio Rom ST Immobile
52%
Manchester United TW De Gea
50%
Sporting Lissabon ZOM Fernandes
50%
Internazionale ST Lukaku
50%
Internazionalel ST Martinez
50%
Borussia Dortmund RF Sancho
50%
Barcelona LV Alba
47%
PSG ST Cavani
47%
Juventus IV Chiellini
47%
PSG RF Di Maria
47%
Liverpool ZDM Fabinho
47%
Liverpool ZM Henderson
47%
Juventus MS Dybala
45%
Manchester United ZM Pogba
45%
Arsenal ST Aubameyang
44%
Barcelona ZDM Busquets
44%
Barcelona IV Pique
44%
Bayern München ZOM Coutinho
42%
Manchester United LF Rashford
42%
Manchester City RM Mahrez
41%
Ajax Amsterdam MS Tadic
41%
PSG ZM Verratti
41%
Lyon MS Depay
39%
Manchester City ST Jesus
39%
Real Madrid IV Varane
39%
PSG IV Marquinhos
36%
Borussia Dortmund RV Hakimi
33%
Internazionale TW Handanovic
33%
SSC Neapel MS Mertens
33%
Manchester City ZDM Fernandinho
32%
SSC Neapel IV Koulibaly
32%
Atlético Madrid IV Gimenez
30%
Liverpool ZM Wijnaldum
30%
Ajax Amsterdam RF Ziyech
29%
Arsenal ST Lacazette
27%
Norwich City ST Pukki
27%
Ajax Amsterdam ZM Van De Beek
27%
Atlético Madrid MS Felix
26%
PSG MS Icardi
26%
Chelsea ZM Jorginho
26%
Internazionale IV Godin
24%
Atalanta Bergamo ST Zapata
24%
Manchester City IV Laporte
20%
Tottenham ST Moura
20%
Tottenham ZOM Eriksen
18%
Juventus ZM Pjanic
17%
Barcelona ZM Arthur
14%
Flamengo ST Barbosa
9%
Sao Paulo FC RV Dani Alves
9%
PSG ZDM Gueye
9%
Tottenham ST Lloris
9%
Villareal ZM Cazorla
8%
Gremio LF Everton
8%
Sampdoria ST Quagliarella
6%
Chelsea ST Abraham
5%
Flamengo ST Henrique
3%
Keine übereinstimmenden Quizze gefunden
Verteilung der Resultate
Anzahl Personen mit jedem Resultat
Perzentil nach korrekt beantworteten Fragen
Ihre Resultats-Entwicklung
Sie haben dieses Quiz noch nicht gespielt